000 00766cab a2200205 4500
001 ABS45709
008 090401t1992 xxu||||| |||| 00| 0 eng d
035 _a(Sirsi) u54655
041 _aeng
245 4 _aThe London Docklands market
260 _c1992
350 _a0
490 _aChartered Surveyor Weekly
_v38(2) 16 January 1992, 46-50(5)
520 _aConditions in the Docklands market are discussed in this week`s Market Talk. Rents, deals, schemes such as South Quay Plaza III and Canary Wharf, the transport infrastructure and future developments in the East Thames corridor are all raised.
650 _aISLE OF DOGS
650 _aLONDON
690 _aPROPERTY-COMMERCIAL PROPERTY-COMMERCIAL PROPERTY MARKET
942 _n0
948 _c04/03/1997
999 _c33510
_d33510